Ciudades Catalanas - Estadísticas

Estadísticas generales
  • Esta prueba ha sido intentada 53 veces
  • La puntuación promedio es 51 de 123
Estadísticas de respuestas
Población Respuesta % Correcto
1664182 Barcelona
96%
103369 Girona
93%
140403 Lleida
91%
223166 Badalona
89%
10244 L'Hospitalet de Llobregat
89%
25999 Tarragona
87%
106168 Reus
84%
129661 Mataró
82%
216520 Sabadell
80%
65385 El Prat de Llobregat
78%
89936 Cornellà de Llobregat
76%
67460 Castelldefels
73%
78245 Manresa
73%
92977 Sant Cugat del Vallès
73%
47630 Vic
73%
223627 Terrassa
71%
62419 Granollers
69%
39914 Blanes
67%
47235 Figueres
67%
28526 Salou
67%
39089 Lloret de Mar
64%
35926 Olot
64%
67197 Viladecans
64%
21115 Amposta
62%
47057 Gavà
62%
84500 Sant Boi de Llobregat
62%
10803 Ripoll
60%
25999 Sitges
60%
19807 Rubí
58%
120443 Santa Coloma de Gramanet
58%
33439 Tortosa
58%
40742 Igualada
56%
19277 Calella
53%
34734 Cambrils
53%
57855 Cerdanyola del Vallès
53%
28772 Martorell
53%
51600 Mollet del Vallès
53%
37447 Sant Adrià de Besòs
53%
34267 Sant Joan Despí
53%
67733 Vilanova i la Geltrú
51%
12206 La Seu d'Urgell
49%
20053 Banyoles
47%
38373 El Vendrell
47%
14649 Mollerussa
47%
40154 Vilafranca del Penedès
47%
16760 Berga
44%
47150 Esplugues de Llobregat
44%
32138 Salt
44%
45467 Sant Feliu de Llobregat
44%
17445 Tàrrega
44%
16567 Torredembarra
44%
23244 Palafrugell
42%
19807 Roses
42%
15941 Arenys de Mar
40%
17472 Balaguer
40%
18135 Palamós
40%
28531 Premià de Mar
40%
23831 El Masnou
38%
20912 Manlleu
38%
36803 Montcada i Reixac
38%
27984 Pineda de Mar
38%
24477 Valls
38%
11030 Castell d'Aro, Platja d'Aro i s'Agaró
36%
13533 Cunit
36%
22097 Sant Feliu de Guíxols
36%
22555 Vila-seca
36%
33334 Barberà del Vallès
33%
11159 La Bisbal d'Empordà
33%
25940 Molins de Rei
33%
19071 Parets del Vallès
33%
39179 Ripollet
33%
18670 Sant Just Desvern
33%
12538 Abrera
31%
27601 Calafell
31%
10754 La Roca del Vallès
31%
10244 L'Escala
31%
28268 Santa Coloma de Farners
31%
27569 Sant Andreu de la Barca
31%
20195 Sant Quirze del Vallès
31%
31111 Sant Pere de Ribes
29%
14400 Torelló
29%
21035 Vilassar de Mar
29%
13415 Badia del Vallès
27%
11159 La Garriga
27%
39089 Malgrat de Mar
27%
18136 Sant Celoni
27%
14865 Canet de Mar
24%
24488 Castellar del Vallès
24%
15770 Cubelles
24%
11578 Deltebre
24%
12200 Montgat
24%
25999 Santa Perpètua de Mogoda
24%
12841 Sant Sadurní d'Anoia
24%
17812 Caldes de Montbui
22%
12536 Argentona
20%
16829 Cardedeu
20%
13587 La Llagosta
20%
14953 La Ràpita
20%
20364 Les Franqueses del Vallès
20%
24144 Olesa de Montserrat
20%
10441 Premià de Dalt
20%
11331 Calonge i Sant Antoni
18%
12540 Castellbisbal
18%
22302 Esparreguera
18%
15469 Lliçà d'Amunt
18%
15312 Vallirana
18%
16829 Canovelles
16%
11100 Castelló d'Empúries
16%
10018 Llinars del Vallès
16%
16644 Montornès del Vallès
16%
17519 Tordera
16%
14882 Corbera de Llobregat
13%
12460 Mont-roig del Camp
13%
14892 Palau-solità i Plegamans
13%
11622 Pallejà
13%
16134 Piera
13%
11133 Sant Andreu de Llavaneres
13%
12596 Vilanova del Camí
13%
10410 Cassà de la Selva
11%
10998 Sant Joan de Vilatorrada
11%
11836 Torroella de Montgrí
11%
28268 Sant Viçents dels Horts
7%
10225 Santa Margarida de Montbui
4%
No se encontraron pruebas coincidentes
Distribución de puntuación
Porcentaje de gente con cada puntuación
Porcentaje por número respondido
Historial de tus puntuaciones
No has intentado esta prueba.